NBA Top 10 Most Beautiful Game All-Time - Statistics

General Stats
  • This quiz has been taken 120 times
  • The average score is 5 of 14
Answer Stats
Teams % Correct
Golden State Warriors 2015's
88%
Los Angeles Lakers Showtime
80%
Chicago Bulls 1995-96
70%
San Antonio Spurs 2013-14
63%
Miami Heat Heatles
61%
Boston Celtics 1985-86
55%
Detroit Pistons Bad Boys
37%
Phoenix Suns Mike D'Antoni
29%
Sacramento Kings 2000's
20%
Golden State Warriors Run TMC
11%
Denver Nuggets 1980's
5%
Golden State Warriors We Believe
5%
Phoenix Suns 1992-93
5%
Dallas Mavericks 2001-02
1%
No matching quizzes found
Score Distribution
Percent of People with Each Score
Percentile by Number Answered
Your Score History
You have not taken this quiz